[Event "Carlos Torre Memorial op 33rd"]
[Site "Merida"]
[Date "2023.12.15"]
[Round "2"]
[White "Trevino, Luna Angel Daniel"]
[Black "Miranda Rodriguez, Tania"]
[Result "0-1"]
[WhiteElo "1790"]
[BlackElo "2110"]
[PlyCount "56"]
[EventDate "2023.12.15"]
[EventType "swiss"]
[EventRounds "9"]
[EventCountry "MEX"]
[SourceTitle "CB52_2023"]
[SourceDate "2023.12.27"]
[SourceVersion "1"]
[SourceVersionDate "2023.12.27"]
[SourceQuality "1"]

1. d4 Nf6 2. Bf4 g6 3. e3 Bg7 4. Nf3 d6 5. h3 Nbd7 6. Be2 0-0 7. 0-0 c5 8. c3 b6 9. Nbd2 Bb7 10. Re1 Re8 11. Bh2 a6 12. a4 Ra7 13. Bc4 Qa8 14. Qb3 Rf8 15. Ng5 Bxg2 16. Bxf7+ Kh8 17. f3 h6 18. Kxg2 hxg5 19. Bxg6 Bh6 20. Ne4 g4 21. hxg4 Nxg4 22. Qe6 Nxh2 23. Bf7 Ng4 24. Rh1 Ndf6 25. Nxf6 Rxf7 26. Qxf7 exf6 27. Rh4 Rxf7 28. Rxg4 Rg7 0-1